000 01110nam a2200337Ia 4500
001 Z_3913
003 CHAP
008 220113s2003 xx 000 0 und d
010 _a166975
040 _cCHAP
090 _aTesis R 1731
100 _aRobles Ramírez, Tita Balbina
_998108
245 _aInicio y duración del estro en ovejas pelibuey sincronizadas con progestagenos: efecto de la nutrición /
_cpor Tita Balbina Robles Ramírez
260 _aChapingo, Méx. :
_bEl autor,
_c2003
300 _a48 h.
502 _aTesis (Ing. Agr. Esp. en Zootecnia) -- UACH. Departamento de Zootecnia
650 _aBorrego Pelibue
_9141143
650 _aGanado lanar
_xAlimentación
_945153
650 _aGanado lanar
_xFecundidad
_945181
650 _aGanado lanar
_xNutrición
_945205
650 _aGanado lanar
_xReproducción
_945220
650 _aHormonas
_xEfecto en animales domésticos
_956236
650 _aProgesterona
_992245
650 _aSincronización del celo
_9106556
901 _aTESIS R 1731
902 _aM
910 _a2003
942 _c2
942 _c2
999 _c166975
_d166975